000 00413nmm a2200145Ia 4500
008 251105s9999||||xx |||||||||||||||||und||
041 _aspa
100 _aVosseler, Nicole C.
245 0 _aEl tiempo de las orquídeas silvestres
264 _a[Madrid, España] :
_bEdiciones B,
_c2016
300 _a419 páginas
650 _aRomance
856 _uhttps://public.digitaliapublishing.com/a/54391
942 _cCF
999 _c106020
_d106020